| 000 | 00801nac a22001811u 4500 | ||
|---|---|---|---|
| 010 | _a 93001268 | ||
| 020 | _a1556237901 | ||
| 082 | 0 | 0 |
_a658.3124 _bM5156 |
| 090 |
_c4266 _d4266 |
||
| 100 | _aMeister, Jeanne C. | ||
| 245 | 1 | 0 |
_aCorporate quality universities : _blessons in building a world-class work force / _cJeanne C. Meister. |
| 260 |
_aAlexandria, Va. : _bAmerican Society for Training and Development ; _aBurr Ridge, Ill. : _bIrwin, _cc1994. |
||
| 300 |
_axix, 255 p. : _bill. ; _c24 cm. |
||
| 504 | _aIncludes bibliographical references (p. 239-242) and index. | ||
| 650 | 0 |
_aEmployees _xTraining of _zUnited States. |
|
| 942 |
_cBB _k658.3124M5156 |
||
| 999 |
_c4266 _d4266 |
||